Catálogo
 En Linea

La Carreta / (Registro nro. 40569)

Detalles MARC
000 -CABECERA
campo de control de longitud fija 00724nam a2200205 a 4500
001 - NÚMERO DE CONTROL
campo de control 000041079
005 - FECHA Y HORA DE LA ÚLTIMA TRANSACCIÓN
campo de control 20201002034612.0
008 - DATOS DE LONGITUD FIJA--INFORMACIÓN GENERAL
campo de control de longitud fija 130917s1988 sp 000 0 spa d
020 ## - NÚMERO INTERNACIONAL ESTÁNDAR DEL LIBRO
Número Internacional Estándar del Libro 8400068823
040 ## - FUENTE DE LA CATALOGACIÓN
Centro catalogador/agencia de origen DO-SdBNP
Lengua de catalogación spa
Centro/agencia transcriptor BNPHU
100 1# - ENTRADA PRINCIPAL--NOMBRE DE PERSONA
Nombre de persona Amorim, Enrique Manuel,
Títulos y otros términos asociados al nombre 1900-1960.
9 (RLIN) 67586
245 13 - MENCIÓN DE TÍTULO
Título La Carreta /
Mención de responsabilidad, etc. Enrique Manuel Amorim ; edición crítica Fernando Ainsa.
260 ## - PUBLICACIÓN, DISTRIBUCIÓN, ETC.
Lugar de publicación, distribución, etc. Bogotá :
Nombre del editor, distribuidor, etc. Presidencia de la República,
Fecha de publicación, distribución, etc. 1988.
300 ## - DESCRIPCIÓN FÍSICA
Extensión v., (483 p.) ;
Dimensiones 24 cm.
490 1# - MENCIÓN DE SERIE
Mención de serie Archivos ;
500 ## - NOTA GENERAL
Nota general Incluye índice y léxico.
500 ## - NOTA GENERAL
Nota general Incluye referencias bibliográficas y notas al pie de las páginas
504 ## - NOTA DE BIBLIOGRAFÍA, ETC.
Nota de bibliografía, etc. Bibliografía : p.477-483
700 1# - PUNTO DE ACCESO ADICIONAL--NOMBRE DE PERSONA
Nombre de persona Aínsa, Fernando,
Fechas asociadas al nombre 1937-,
Término indicativo de función/relación coor.
9 (RLIN) 67587
Existencias
Estado de retiro Estado de pérdida Restricciones de uso No para préstamo Código de colección Localización permanente Ubicación/localización actual Ubicación en estantería Fecha de adquisición Número de inventario Total de préstamos Signatura topográfica completa Código de barras Fecha visto por última vez Precio válido a partir de Tipo de ítem Koha
      Excluido de préstamo Monografías: Libros y Folletos General General En catalogación 17.09.2013 LF1   41079-10 25.06.2020 25.06.2020 No se presta

Con tecnología Koha